000
00208 a2200097 4500
020
_a
9798875296239
041
_a
spa
100
_a
Waldendorf, Kurt
245
_a
Heroes de la copa Mundial
942
_c
Libros/Book
999
_c
31982
_d
31980